00720nam a22002177a 450000500170000001000140001702000220003102000250005303500130007803700130009108200080010410000280011224500570014025000110019726000470020827000530025530000240030894200220033299900170035495201310037120100811152029.0 aENG-99795 a8177099396c37.00 a9788177077393c37.00 aEN-83327 bDBAD/PUB a546 aMishra, Amarnath915584 aQualitative inorganic analysis /cby Amarnath Mishra a2nd ed aNew DelhibBharati Bhawan Publishersc2010 a4271/3 Ansari Road, DaryaganjbNew Delhie110002 aiv,88p.c21cm (pbk) 2ddccENh546mMIS c41085d41085 001040718NFICaDBADbDBADd2010-08-11eDBAD/PUBg37.00l0o546 MISpEN-83327r2010-08-11 00:00:00t1v37.00w2010-08-11yEN